| 000 | 00992aam a2200289 i 4500 | ||
|---|---|---|---|
| 999 |
_c34168 _d34168 |
||
| 001 | 768714001 | ||
| 003 | CO-MdFUSB | ||
| 005 | 20180622074758.0 | ||
| 008 | 170710t19811981xxu||||| |||| 00| 0 eng d | ||
| 020 | _a0-85111-742-2 | ||
| 040 |
_aCO-MdFUSB _bspa _cCO-MdFUSB _dCO-MdFUSBC _erda |
||
| 041 | 0 | _aeng | |
| 082 | 0 | 4 |
_a22 _2230.0415 _bG9841n |
| 100 | 1 |
_aGuthrie, Donald (1916-) _eautor |
|
| 245 | 1 | 0 |
_aNew testament theology _c/ Donald Guthrie |
| 264 | 1 |
_aDowners Grove, Ili., USA : _b InterVarsity, _c[1981] |
|
| 264 | 4 | _c©1981 | |
| 300 |
_a1064 Pag _c: 24 cm. |
||
| 336 |
_2rdacontent _a1 _ba1 |
||
| 337 |
_2rdamedia _a2 _b5 |
||
| 338 |
_2rdacarrier _a2 _b5 |
||
| 505 | _aDios -- El hombre y su mundo -- Cristología -- La misión de Cristo -- El Espíritu Santo -- La fe cristiana -- La iglesia -- El futuro -- El Nuevo Testamento y la ética -- Escritos. | ||
| 630 | 0 | 7 |
_aBiblia. _pNuevo Testamento |
| 650 | 7 |
_aTeología bíblica _9320 |
|
| 942 | _cBK | ||